00684nam a2200241 a 4500001001300000003000900013005001700022008004100039020001000080082001500090100002400105245003800129260002300167300000900190500003500199505001700234650002200251700002400273902000800297942000700305952011500312999001500427nice12345678IN_TiNIC20260116011842.0050524s1961 lona grp 000 0 eng  ac10000a253.2bKEA aKean, Charles Duell aChristian Faith and Pastoral Care aLondonbSpckc1961 a138p aincludes index and biblioraphy2 aillus, index aPastoral Theology1 aKean, Charles Duell bSRS cBK 001040708StackRoom-aHMIbHMId2007-07-10g100.00l0o253.2 KEAp07773r2007-07-10v100.00w2005-05-24yBK c4452d4452